000 00759nam a2200253Ia 4500
001 9837
003 GE_BSU
008 181216s||||||||xx |||||||||||||| ||und||
020 _a9992843489
040 _cGE_BSU
080 _a821.353.1-1
100 _aანანიძე,შოთა
245 _aმზე იმედისა
245 _bლექსები
245 _cრედ:სანდრო ბერიძე.მხატვ.რედ:ჯემალ მიქელაძე
260 _aბათუმი
260 _bალიონი
260 _c2005
300 _a120გვ;20სმ.ნახ.
541 _h2ლ.40თ
653 _aლექსები
653 _aმზე იმედისა
942 _cBK
999 _c43116
_d43116